Name the 2023 Jets Starters - Statistics

General Stats
  • This quiz has been taken 11 times
  • The average score is 17 of 25
Answer Stats
Position Name College % Correct
RB Breece Hall Iowa State
100%
QB Zach Wilson BYU
100%
WR Allen Lazard Iowa State
90%
TE CJ Uzomah Auburn
90%
WR Garrett Wilson Ohio State
90%
LT Mekhi Becton Louisville
90%
TE Tyler Conklin Central Michigan
90%
ILB CJ Mosley Alabama
80%
C Joe Tippman Wisconsin
80%
CB Michael Carter Duke
80%
ILB Quincy Williams Murray State
80%
DT Quinnen Williams Alabama
80%
CB Sauce Gardner Cincinnati
80%
CB DJ Reed Kansas State
70%
OLB Jermaine Johnson Florida State
70%
P Thomas Morstead SMU
70%
KR Xavier Gipson S.F. Austin
70%
PR Xavier Gipson S.F. Austin
70%
K Greg Zuerlein Missouri Western State
60%
DE John Franklin-Myers S.F. Austin
50%
LG Laken Tomlinson Duke
50%
LS Thomas Hennessy Duke
40%
RG Jake Hanson Oregon
20%
RT Max Mitchell Louisiana
20%
DE Quinton Jefferson Maryland
10%
No matching quizzes found
Score Distribution
Percent of People with Each Score
Percentile by Number Answered
Your Score History
You have not taken this quiz